00557nam a2200145Ia 4500008004100000082002200041100001600063245002400079260003000103300000800133650012300141942000900264952011900273999001900392211119s9999||||xx |||||||||||||| ||und|| a894.812 3 bMUK-K aMukundan, M 0aKannadiyude Kazhcha bD c BooksaKottayamc1995 a94p a Literature & rhetoricvLiteratures of other languagesAltaic, Uralic, Hyperborean & Dravidian MalayalamxGeneral Stack cBOOK 00102ddc4070aSBCLbSBCLc2d2021-11-19g60.00o894.8123 MUK-Kp00131723r2021-11-19 00:00:00w2021-11-19yBOOK c118237d118237